| 000 | 00664nam a22002177a 4500 | ||
|---|---|---|---|
| 005 | 20170124110222.0 | ||
| 010 | _aA-257302 | ||
| 020 | _c00.00 | ||
| 035 | _aA-257302 | ||
| 037 | _bCen Lib/Ret | ||
| 040 |
_aDPL _bEN |
||
| 082 |
_a704.948 _bRAJ |
||
| 100 |
_aRajan, K. V. Soundara _940066 |
||
| 245 |
_aIndia's religious art : _cby Benoyendra Sengupta _bideas and ideals / |
||
| 260 |
_aNew Delhi _bCosmo Publications _c1982 |
||
| 270 |
_a24-B, Ansari Road _bNew Delhi _e110002 |
||
| 300 |
_aVarious pagings. : _c24cm(Hb) _bill |
||
| 650 |
_aHindu sculpture _940067 |
||
| 650 |
_aHindu gods in art _925114 |
||
| 942 |
_2ddc _cEN _h704.948 _mRAJ |
||
| 999 |
_c134201 _d134201 |
||